Účinnost dusíkatého hnojení na pastevní porost

Bibliographic Details
Main Authors: Rais, Ivan (Author), Královec, Josef (Author)
Format: Article
Language:Slovak
Czech
Subjects:

MARC

LEADER 00000nab a2200000 a 4500
001 vtls000203489
003 SK-MaSNL
005 20260304061100.0
008 250422c1984 xo 0 slo
015 |a SNBRB19rr/mm-uuuuu 
035 |a CL0213602 
035 |a urn:nbn:sk:snk-abbed3 
035 |a (urnnbn)urn:nbn:sk:snk:ar-0061k6 
035 |a (uuid)462acf6f-5b3a-4603-a110-6cfacf0fb62c 
040 |a SNKBUCL  |b slo  |c SNKBUCL  |e AACR2 
041 0 |a cze 
044 |a xo  |c SK 
080 |a 631.842:633.2  |2 1981 
080 |a 633.2  |2 1981 
100 1 |a Rais, Ivan  |4 aut  |9 297672 
245 1 0 |a Účinnost dusíkatého hnojení na pastevní porost  |c Ivan Rais, Josef Královec 
300 |b Tb. 4., lit. 3 zázn. v češ., angl. 
650 0 7 |a dusíkaté hnojivá  |2 snkbucl  |9 17141 
650 0 7 |a trávne porasty  |2 snkbucl  |9 3678 
655 7 |a články z novín a časopisov  |2 snkbucl  |9 267496 
700 1 |a Královec, Josef  |4 aut  |9 928902 
773 0 |t Agrochémia  |g Roč. 24, č. 12 (1984), s. 366-367 
850 |a Slovenská národná knižnica 
852 |a Slovenská národná knižnica 
954 |a odborná, vedecká literatúra cudzojazyčná (svetová)  |2 lita 
954 |a odborná, vedecká literatúra pôvodná (slovenská)  |2 lita 
958 |a article15 
958 |a OND 
958 |a RK 
958 |a CZ 
958 |a EUIPO 
992 |a RBX 
999 |c 2731321  |d 2733251